[Event "GER-ch Net Amateur Gr-B Vor1"]
[Site "Playchess.com INT"]
[Date "2020.04.14"]
[Round "8"]
[White "Hemmers, Dieter"]
[Black "Scharf, Oliver"]
[Result "1-0"]
[WhiteElo "1655"]
[BlackElo "1415"]
[PlyCount "99"]
[EventDate "2020.04.14"]
[EventType "swiss (blitz)"]
[EventRounds "9"]
[EventCountry "GER"]
[SourceTitle "EXT 2021"]
[Source "ChessBase"]
[SourceDate "2020.10.23"]
[SourceVersion "1"]
[SourceVersionDate "2020.10.23"]
[SourceQuality "1"]

1. e4 e5 2. Nf3 d6 3. Bc4 Be7 4. d4 exd4 5. Nxd4 Nf6 6. Nc3 0-0 7. 0-0 b6 8. Re1 Bb7 9. Nf5 Re8 10. Bg5 Nbd7 11. Qe2 Ne5 12. Bb3 a5 13. a3 c5 14. Ba4 Bc6 15. Bxc6 Nxc6 16. Nb5 Qd7 17. Rad1 h6 18. Bf4 d5 19. Nc7 Nxe4 20. Nxe7+ Rxe7 21. Nxa8 Nc3 22. Qd2 Nxd1 23. Rxe7 Qxe7 24. Qxd1 Qb7 25. Nc7 Ne7 26. c4 g5 27. Bd6 Nf5 28. Be5 d4 29. Nd5 Nh4 30. Nf6+ Kf8 31. f3 Nf5 32. Qd3 Ne3 33. Qe4 Qe7 34. Nd5 Qe6 35. Nxe3 dxe3 36. Qxe3 Qd7 37. Bc3 Qd1+ 38. Kf2 Qc2+ 39. Kg3 Qf5 40. Qe4 Qd7 41. Qd5 Qc7+ 42. Be5 Qe7 43. Bd6 Ke8 44. Bxe7 Kxe7 45. Qe5+ Kf8 46. Qb8+ Ke7 47. Qxb6 f5 48. Qxc5+ Ke6 49. Qd5+ Kf6 50. c5 1-0

[Event "GER-ch Net Amateur Gr-B Vor1"]
[Site "Playchess.com INT"]
[Date "2020.04.14"]
[Round "7"]
[White "Udelnov, Valentin"]
[Black "Hemmers, Dieter"]
[Result "1-0"]
[WhiteElo "1521"]
[BlackElo "1655"]
[PlyCount "54"]
[EventDate "2020.04.14"]
[EventType "swiss (blitz)"]
[EventRounds "9"]
[EventCountry "GER"]
[SourceTitle "EXT 2021"]
[Source "ChessBase"]
[SourceDate "2020.10.23"]
[SourceVersion "1"]
[SourceVersionDate "2020.10.23"]
[SourceQuality "1"]

1. e4 c5 2. Nf3 Nc6 3. d4 cxd4 4. Nxd4 g6 5. Nc3 Bg7 6. Be3 Nf6 7. Bc4 0-0 8. Bb3 d6 9. f3 Bd7 10. Qd2 Nxd4 11. Bxd4 Bc6 12. 0-0-0 Qa5 13. Kb1 Rfe8 14. g4 b5 15. h4 Qc7 16. h5 e5 17. Be3 b4 18. Ne2 Bxe4 19. fxe4 Nxg4 20. hxg6 hxg6 21. Ng3 a5 22. Ba4 Rec8 23. Bg5 f6 24. Rh4 f5 25. exf5 gxf5 26. Nxf5 Nf6 27. Bh6 e4 1-0

[Event "Muensterland Verbandsliga 1819"]
[Site "Germany"]
[Date "2019.02.16"]
[Round "7.7"]
[White "Hofene, Josef"]
[Black "Hemmers, Dieter"]
[Result "1/2-1/2"]
[WhiteElo "1770"]
[BlackElo "1784"]
[PlyCount "45"]
[EventDate "2018.09.01"]
[EventType "team-tourn"]
[EventRounds "9"]
[EventCountry "GER"]
[SourceTitle "EXT 2020"]
[Source "ChessBase"]
[SourceDate "2019.10.17"]
[SourceVersion "1"]
[SourceVersionDate "2019.10.17"]
[SourceQuality "1"]
[WhiteTeam "Beelen"]
[BlackTeam "Emsdetten Rochade II"]
[WhiteTeamCountry "GER"]
[BlackTeamCountry "GER"]

1. e4 c5 2. Nf3 Nc6 3. c3 Nf6 4. e5 Nd5 5. d4 cxd4 6. cxd4 e6 7. a3 d6 8. Bd3 Be7 9. 0-0 dxe5 10. dxe5 h6 11. Qe2 Bd7 12. Rd1 Qc7 13. Nbd2 Nf4 14. Qe4 Nxd3 15. Qxd3 Rd8 16. Qe2 0-0 17. b4 a6 18. Bb2 Bc8 19. Rac1 Rd5 20. Nc4 Rfd8 21. Rxd5 Rxd5 22. Ne3 Rd7 23. Rd1 1/2-1/2

[Event "Muensterland Verbandsliga 1718"]
[Site "Germany"]
[Date "2018.04.14"]
[Round "8.6"]
[White "Janning, Rainer"]
[Black "Hemmers, Dieter"]
[Result "1-0"]
[WhiteElo "1901"]
[BlackElo "1805"]
[PlyCount "59"]
[EventDate "2017.09.09"]
[EventType "team-tourn"]
[EventRounds "9"]
[EventCountry "GER"]
[SourceTitle "EXT 2019"]
[Source "ChessBase"]
[SourceDate "2018.10.10"]
[SourceVersion "1"]
[SourceVersionDate "2018.10.10"]
[SourceQuality "1"]
[WhiteTeam "Steinfurt"]
[BlackTeam "Emsdetten Rochade II"]
[WhiteTeamCountry "GER"]
[BlackTeamCountry "GER"]

1. f4 c5 2. e3 d6 3. Nf3 g6 4. d3 Bg7 5. Be2 Nc6 6. 0-0 Nf6 7. Qe1 0-0 8. Nc3 Rb8 9. Qh4 e6 10. e4 Nh5 11. g4 Qxh4 12. Nxh4 Nf6 13. f5 Ne8 14. Bd2 Nd4 15. Bd1 b5 16. Rb1 Bd7 17. Ne2 Nxe2+ 18. Bxe2 exf5 19. exf5 Bc6 20. Bf3 Bxf3 21. Rxf3 Bd4+ 22. Kf1 Be5 23. h3 Kg7 24. Ng2 Nc7 25. b3 Nd5 26. Re1 b4 27. Ne3 Nxe3+ 28. Bxe3 Rb5 29. fxg6 fxg6 30. Bh6+ 1-0

[Event "Muensterland Verbandsliga 1617"]
[Site "Germany"]
[Date "2017.05.06"]
[Round "9.7"]
[White "Esser, Peter"]
[Black "Hemmers, Dieter"]
[Result "1/2-1/2"]
[WhiteElo "1758"]
[BlackElo "1782"]
[PlyCount "71"]
[EventDate "2016.09.10"]
[EventType "team"]
[EventRounds "9"]
[EventCountry "GER"]
[SourceTitle "EXT 2018"]
[Source "ChessBase"]
[SourceDate "2017.10.13"]
[SourceVersion "1"]
[SourceVersionDate "2017.10.13"]
[SourceQuality "1"]
[WhiteTeam "Telgte"]
[BlackTeam "Emsdetten Rochade II"]
[WhiteTeamCountry "GER"]
[BlackTeamCountry "GER"]

1. e4 c5 2. Nf3 Nc6 3. Bb5 g6 4. Bxc6 dxc6 5. d3 Bg7 6. 0-0 Nf6 7. h3 0-0 8. Nc3 Be6 9. Qe2 h6 10. Be3 b6 11. a4 Ne8 12. Qd2 Kh7 13. b3 Nd6 14. Rad1 f5 15. e5 Nf7 16. d4 cxd4 17. Nxd4 Qd7 18. Nxe6 Qxe6 19. f4 Rad8 20. Qe2 g5 21. g3 gxf4 22. gxf4 Rxd1 23. Nxd1 Rg8 24. Kf2 Bf8 25. Rg1 Rxg1 26. Kxg1 Qg6+ 27. Qg2 e6 28. Qxg6+ Kxg6 29. a5 c5 30. axb6 axb6 31. Nc3 Be7 32. Na4 Bd8 33. b4 cxb4 34. Bxb6 Bxb6+ 35. Nxb6 Nd8 36. Na4 1/2-1/2

[Event "Muensterland Verbandsliga 1617"]
[Site "Germany"]
[Date "2016.11.05"]
[Round "3.6"]
[White "Van de Laar, Han"]
[Black "Hemmers, Dieter"]
[Result "0-1"]
[WhiteElo "1634"]
[BlackElo "1782"]
[PlyCount "54"]
[EventDate "2016.09.10"]
[EventType "team"]
[EventRounds "9"]
[EventCountry "GER"]
[SourceTitle "EXT 2018"]
[Source "ChessBase"]
[SourceDate "2017.10.13"]
[SourceVersion "1"]
[SourceVersionDate "2017.10.13"]
[SourceQuality "1"]
[WhiteTeam "Suedlohn II"]
[BlackTeam "Emsdetten Rochade II"]
[WhiteTeamCountry "GER"]
[BlackTeamCountry "GER"]

1. Nf3 c5 2. c4 Nc6 3. Nc3 g6 4. e3 Nf6 5. Be2 Bg7 6. 0-0 0-0 7. h3 d5 8. cxd5 Nxd5 9. a3 e5 10. d3 h6 11. Qc2 Be6 12. Bd2 Rc8 13. Nxd5 Qxd5 14. Bc3 b5 15. Qd1 Rfd8 16. Qe1 Rd7 17. Rc1 Rdc7 18. Nh2 Qd6 19. e4 f5 20. f3 f4 21. Ng4 h5 22. Nf2 b4 23. axb4 cxb4 24. Bd2 a5 25. Nd1 Nd4 26. Rxc7 Qxc7 27. g4 fxg3 0-1

[Event "Muensterland Verbandsliga 1516"]
[Site "Germany"]
[Date "2015.10.24"]
[Round "2.3"]
[White "Hanewinkel, Winfried"]
[Black "Hemmers, Dieter"]
[Result "1-0"]
[WhiteElo "1895"]
[BlackElo "1799"]
[PlyCount "71"]
[EventDate "2015.09.12"]
[EventType "team"]
[EventRounds "9"]
[EventCountry "GER"]
[SourceTitle "EXT 2017"]
[Source "ChessBase"]
[SourceDate "2016.10.25"]
[SourceVersion "1"]
[SourceVersionDate "2016.10.25"]
[SourceQuality "1"]
[WhiteTeam "Beelen"]
[BlackTeam "Emsdetten Rochade II"]
[WhiteTeamCountry "GER"]
[BlackTeamCountry "GER"]

1. d4 Nf6 2. Nf3 g6 3. c4 Bg7 4. Nc3 0-0 5. Bg5 c5 6. e3 d6 7. Bd3 Bg4 8. d5 Nbd7 9. 0-0 Ne5 10. Be2 Bxf3 11. gxf3 h6 12. Bh4 Qb6 13. f4 Ned7 14. Qc2 Rae8 15. Rab1 a6 16. Kh1 e6 17. dxe6 Rxe6 18. Bf3 Kh8 19. f5 gxf5 20. Bxf6 Nxf6 21. Qxf5 Re5 22. Qd3 Qc7 23. Rbd1 Rd8 24. Rg1 Qe7 25. Rg2 Re6 26. Rdg1 Rg8 27. Bd1 Ne4 28. Bc2 f5 29. f3 Ng5 30. Nd5 Qf7 31. Rg3 Ree8 32. b3 Re6 33. Qxf5 Qxf5 34. Bxf5 Ree8 35. f4 Nh7 36. Bg6 1-0

[Event "Muensterland Verbandsklasse-B 1213"]
[Site "Germany"]
[Date "2013.03.16"]
[Round "7.8"]
[White "Hemmers, Dieter"]
[Black "Merkentrup, Ralf"]
[Result "1/2-1/2"]
[WhiteElo "1788"]
[BlackElo "1676"]
[PlyCount "118"]
[EventDate "2012.09.15"]
[EventType "team-tourn"]
[EventRounds "9"]
[EventCountry "GER"]
[SourceTitle "EXT 2015"]
[Source "ChessBase"]
[SourceDate "2014.11.20"]
[SourceVersion "1"]
[SourceVersionDate "2014.11.20"]
[SourceQuality "1"]
[WhiteTeam "Emsdetten Rochade"]
[BlackTeam "Beelen"]
[WhiteTeamCountry "GER"]
[BlackTeamCountry "GER"]

1. e4 e5 2. Nf3 Nc6 3. Bb5 a6 4. Ba4 Nf6 5. 0-0 b5 6. Bb3 Be7 7. Re1 d6 8. h3 Na5 9. d3 0-0 10. Be3 Nxb3 11. axb3 c5 12. Nc3 Bb7 13. Ne2 Re8 14. Ng3 g6 15. c4 b4 16. Nh2 Nd7 17. Ng4 Bg5 18. Qd2 Bxe3 19. Qxe3 Qe7 20. Rf1 f6 21. f4 Rf8 22. f5 g5 23. Qf3 Kf7 24. Kf2 Ke8 25. Rh1 Nb8 26. h4 gxh4 27. Rxh4 Nc6 28. Ne2 Kd7 29. Rah1 Rf7 30. Qh3 Rh8 31. Rh6 Qf8 32. Qh4 Ke7 33. Ng3 Qg7 34. Nh5 Qg5 35. Nhxf6 Qxh4+ 36. R1xh4 Nd4 37. Rxh7 Rhxh7 38. Rxh7 Rxh7 39. Nxh7 Nxb3 40. Ke2 Bc8 41. Ng5 Kf8 42. Ne3 a5 43. Nf3 a4 44. Nc2 Na5 45. Nd2 Nc6 46. Nb1 Bd7 47. g4 Kf7 48. g5 Ne7 49. Ne3 Nc6 50. g6+ Kg7 51. Nc2 Ne7 52. Kf3 Nxf5 53. exf5 Bxf5 54. Ke3 Bxg6 55. Ne1 Kf6 56. Nf3 Bh5 57. Ke4 Bg6+ 58. Ke3 Bh5 59. Ke4 Bg6+ 1/2-1/2

[Event "Muensterland Verbandsklasse-B 1213"]
[Site "Germany"]
[Date "2013.01.26"]
[Round "5.8"]
[White "Hemmers, Dieter"]
[Black "Spaeker, Helmut"]
[Result "1/2-1/2"]
[WhiteElo "1788"]
[BlackElo "1561"]
[PlyCount "43"]
[EventDate "2012.09.15"]
[EventType "team-tourn"]
[EventRounds "9"]
[EventCountry "GER"]
[SourceTitle "EXT 2015"]
[Source "ChessBase"]
[SourceDate "2014.11.20"]
[SourceVersion "1"]
[SourceVersionDate "2014.11.20"]
[SourceQuality "1"]
[WhiteTeam "Emsdetten Rochade"]
[BlackTeam "Suedlohn II"]
[WhiteTeamCountry "GER"]
[BlackTeamCountry "GER"]

1. e4 e6 2. d4 d5 3. Nc3 Bb4 4. exd5 exd5 5. Qf3 c6 6. Bd3 Qf6 7. Qg3 Bd6 8. Qe3+ Ne7 9. Nge2 0-0 10. Qg5 Qxg5 11. Bxg5 Re8 12. 0-0 h6 13. Bf4 Bxf4 14. Nxf4 Bf5 15. Rfe1 Bxd3 16. Nxd3 Nd7 17. Ne2 Nf5 18. c3 Re4 19. Ng3 Nxg3 20. hxg3 Rae8 21. Rxe4 Rxe4 22. Kf1 1/2-1/2

[Event "Muensterland Verbandsklasse-A 1112"]
[Site "Germany"]
[Date "2012.04.21"]
[Round "8.7"]
[White "Hemmers, Dieter"]
[Black "Behrend, Bastian"]
[Result "1-0"]
[WhiteElo "1788"]
[BlackElo "1556"]
[PlyCount "47"]
[EventDate "2011.09.17"]
[EventType "team-tourn"]
[EventRounds "9"]
[EventCountry "GER"]
[SourceTitle "EXT 2013"]
[Source "ChessBase"]
[SourceDate "2012.11.22"]
[SourceVersion "1"]
[SourceVersionDate "2012.11.22"]
[SourceQuality "1"]
[WhiteTeam "Emsdetten Rochade"]
[BlackTeam "Olfen"]
[WhiteTeamCountry "GER"]
[BlackTeamCountry "GER"]

1. e4 e6 2. d4 d5 3. Nc3 Bb4 4. exd5 exd5 5. Qf3 Be6 6. Bd3 Nf6 7. Nge2 0-0 8. h3 Nc6 9. 0-0 h6 10. Be3 Qd7 11. Bxh6 gxh6 12. Qxf6 Bxh3 13. Qxh6 Bf5 14. Qg5+ Bg6 15. Bxg6 fxg6 16. Qxg6+ Qg7 17. Qxg7+ Kxg7 18. Nxd5 Bd6 19. g3 Rf5 20. Ne3 Rg5 21. Kg2 Rg8 22. Rh1 Kf8 23. Nc4 Be7 24. c3 1-0